书目信息 |
| 题名: |
悲剧心理学
|
|
| 作者: | 朱光潜 著 | |
| 分册: | ||
| 出版信息: | 合肥 安徽教育出版社 1996 |
|
| 页数: | 338页 | |
| 开本: | 20cm | |
| 丛书名: | ||
| 单 册: | ||
| 中图分类: | I0-05 | |
| 科图分类: | ||
| 主题词: | 文学--关系 | |
| 电子资源: | ||
| ISBN: | 7-5336-0254-4 | |
| 000 | 00566nam0 2200217 45 | |
| 001 | 0198021860 | |
| 005 | 20050324161727.5 | |
| 010 | @a7-5336-0254-4@dCNY13.80 | |
| 100 | @a19980420d1996 emky0chiy0121 ea | |
| 101 | 0 | @achi |
| 102 | @aCN@b340000 | |
| 105 | @ay z 000yy | |
| 200 | 10 | @a悲剧心理学@Abei ju xin li xue@f朱光潜著@FZhu Guang Qian Zhu |
| 205 | @a2版 | |
| 210 | @a合肥@c安徽教育出版社@d1996 | |
| 215 | @a338页@d20cm | |
| 606 | 0 | @a文学@x关系 |
| 690 | @aI0-05@v3 | |
| 701 | 0 | @a朱光潜@4著 |
| 801 | 0 | @aCN@bNLC@c19980505 |
| 905 | @dI0-05@e200@f1@b281840 | |
| 悲剧心理学/朱光潜著.-2版.-合肥:安徽教育出版社,1996 |
| 338页;20cm |
| ISBN 7-5336-0254-4:CNY13.80 |
| ● |
| 相关链接 |
|
|
|
|
正题名:悲剧心理学
索取号:I0-05/200
 
预约/预借
| 序号 | 登录号 | 条形码 | 馆藏地/架位号 | 状态 | 备注 |
| 1 | 0281837 | 002818375 | 第二借阅区/ [索取号:I0-05/200] | 在馆 | |
| 2 | 0281838 | 002818384 | 第二借阅区/ [索取号:I0-05/200] | 在馆 | |
| 3 | 0281839 | 002818393 | 第二借阅区/ [索取号:I0-05/200] | 在馆 | |
| 4 | 0281840 | 002818400 | 第二借阅区/ [索取号:I0-05/200] | 在馆 | |
| 5 | 0281841 | 002818419 | 第一样本阅览室/ [索取号:I0-05/200] | 在馆 |